<?xml version="1.0" encoding="UTF-8"?>
<record
    xmlns:xsi="http://www.w3.org/2001/XMLSchema-instance"
    xsi:schemaLocation="http://www.loc.gov/MARC21/slim http://www.loc.gov/standards/marcxml/schema/MARC21slim.xsd"
    xmlns="http://www.loc.gov/MARC21/slim">

  <leader>01858cam a22003137a 4500</leader>
  <datafield tag="999" ind1=" " ind2=" ">
    <subfield code="c">9222</subfield>
    <subfield code="d">9222</subfield>
  </datafield>
  <controlfield tag="001">17399000</controlfield>
  <controlfield tag="003">GBCCL</controlfield>
  <controlfield tag="005">20241126110707.0</controlfield>
  <controlfield tag="008">120724s2012    tnu      b    001 0 eng d</controlfield>
  <datafield tag="010" ind1=" " ind2=" ">
    <subfield code="a">  2011279158</subfield>
  </datafield>
  <datafield tag="020" ind1=" " ind2=" ">
    <subfield code="a">9781433672224 (hbk.)</subfield>
  </datafield>
  <datafield tag="020" ind1=" " ind2=" ">
    <subfield code="a">1433672227 (hbk.)</subfield>
  </datafield>
  <datafield tag="035" ind1=" " ind2=" ">
    <subfield code="a">(OCoLC)ocn757475252</subfield>
  </datafield>
  <datafield tag="040" ind1=" " ind2=" ">
    <subfield code="a">BTCTA</subfield>
    <subfield code="b">eng</subfield>
    <subfield code="c">BTCTA</subfield>
    <subfield code="d">BDX</subfield>
    <subfield code="d">KTS</subfield>
    <subfield code="d">DLC</subfield>
  </datafield>
  <datafield tag="042" ind1=" " ind2=" ">
    <subfield code="a">lccopycat</subfield>
  </datafield>
  <datafield tag="050" ind1="0" ind2="0">
    <subfield code="a">BV4012.2</subfield>
    <subfield code="b">.C665 2012</subfield>
  </datafield>
  <datafield tag="082" ind1="0" ind2="0">
    <subfield code="a">253.5</subfield>
    <subfield code="2">23</subfield>
    <subfield code="b">COU</subfield>
  </datafield>
  <datafield tag="245" ind1="0" ind2="0">
    <subfield code="a">Counseling the hard cases :</subfield>
    <subfield code="b">true stories illustrating the sufficiency of God's resources in Scripture /</subfield>
    <subfield code="c">Stuart Scott and Heath Lambert, editors ; foreword by John MacArthur.</subfield>
  </datafield>
  <datafield tag="260" ind1=" " ind2=" ">
    <subfield code="a">Nashville, Tenn. :</subfield>
    <subfield code="b">B &amp; H Academic</subfield>
    <subfield code="c">2015, 2012.</subfield>
  </datafield>
  <datafield tag="300" ind1=" " ind2=" ">
    <subfield code="a">xv, 318 p. ;</subfield>
    <subfield code="c">24 cm.</subfield>
  </datafield>
  <datafield tag="504" ind1=" " ind2=" ">
    <subfield code="a">Includes bibliographical references and indexes.</subfield>
  </datafield>
  <datafield tag="505" ind1="0" ind2="0">
    <subfield code="g">Introduction:</subfield>
    <subfield code="t">The sufficiency of Scripture, the biblical counseling movement, and the purpose of this book /</subfield>
    <subfield code="r">Heath Lambert --</subfield>
    <subfield code="t">"Mariana" and surviving sexual abuse /</subfield>
    <subfield code="r">Laura Hendrickson --</subfield>
    <subfield code="t">"Brian" and obsessive-compulsive disorder /</subfield>
    <subfield code="r">Steve Viars --</subfield>
    <subfield code="t">"Sarah" and postpartum depression /</subfield>
    <subfield code="r">Heath Lambert --</subfield>
    <subfield code="t">"Mary" and paralyzing fear /</subfield>
    <subfield code="r">Dan Wickert --</subfield>
    <subfield code="t">"Ashley" and anorexia /</subfield>
    <subfield code="r">Martha Peace --</subfield>
    <subfield code="t">"Tony" and bipolar disorder /</subfield>
    <subfield code="r">Garrett Higbee --</subfield>
    <subfield code="t">"Jackie" and dissociative identity disorder /</subfield>
    <subfield code="r">Stuart Scott --</subfield>
    <subfield code="t">"Jason" and homosexuality /</subfield>
    <subfield code="r">Kevin Carson --</subfield>
    <subfield code="t">"Julie" and addictions and adultery /</subfield>
    <subfield code="r">Robert D. Jones --</subfield>
    <subfield code="t">"Jennifer" and an apparent hard case /</subfield>
    <subfield code="r">John Babler --</subfield>
    <subfield code="t">Concluding reflections /</subfield>
    <subfield code="r">Heath Lambert,</subfield>
    <subfield code="r">Stuart Scott.</subfield>
  </datafield>
  <datafield tag="650" ind1=" " ind2="0">
    <subfield code="a">Pastoral counseling.</subfield>
    <subfield code="9">547</subfield>
  </datafield>
  <datafield tag="700" ind1="1" ind2=" ">
    <subfield code="a">Scott, Stuart,</subfield>
    <subfield code="d">1955-</subfield>
    <subfield code="9">16038</subfield>
  </datafield>
  <datafield tag="700" ind1="1" ind2=" ">
    <subfield code="a">Lambert, Heath,</subfield>
    <subfield code="d">1979-</subfield>
    <subfield code="9">16039</subfield>
  </datafield>
  <datafield tag="906" ind1=" " ind2=" ">
    <subfield code="a">7</subfield>
    <subfield code="b">cbc</subfield>
    <subfield code="c">copycat</subfield>
    <subfield code="d">2</subfield>
    <subfield code="e">ncip</subfield>
    <subfield code="f">20</subfield>
    <subfield code="g">y-gencatlg</subfield>
  </datafield>
  <datafield tag="942" ind1=" " ind2=" ">
    <subfield code="2">ddc</subfield>
    <subfield code="c">BK</subfield>
    <subfield code="0">6</subfield>
  </datafield>
  <datafield tag="952" ind1=" " ind2=" ">
    <subfield code="0">0</subfield>
    <subfield code="1">0</subfield>
    <subfield code="2">ddc</subfield>
    <subfield code="4">0</subfield>
    <subfield code="7">0</subfield>
    <subfield code="a">GBC</subfield>
    <subfield code="b">GBC</subfield>
    <subfield code="c">MNMS</subfield>
    <subfield code="d">2022-06-16</subfield>
    <subfield code="l">8</subfield>
    <subfield code="m">1</subfield>
    <subfield code="o">253.5 COU</subfield>
    <subfield code="p">015659</subfield>
    <subfield code="r">2025-06-30 11:21:46</subfield>
    <subfield code="s">2025-06-23</subfield>
    <subfield code="t">c.1</subfield>
    <subfield code="w">2022-06-16</subfield>
    <subfield code="y">BK</subfield>
  </datafield>
</record>
